BIBLIOTECA

SENCICO

Chile revolución silenciosa / (Registro nro. 238)

Detalles MARC
000 -LEADER
fixed length control field 00934nam a2200229Ia 4500
003 - CONTROL NUMBER IDENTIFIER
control field PE SENCICO BE
005 - DATE AND TIME OF LATEST TRANSACTION
control field 20251020182431.0
008 - FIXED-LENGTH DATA ELEMENTS--GENERAL INFORMATION
fixed length control field 200515s9999 xx 000 0 und d
040 ## - CATALOGING SOURCE
Original cataloging agency PE SENCICO BE
Transcribing agency PE SENCICO BE
041 ## - LANGUAGE CODE
Language code of text/sound track or separate title spa
082 ## - DEWEY DECIMAL CLASSIFICATION NUMBER
Classification number 335.00983
Item number L31
100 1# - MAIN ENTRY--PERSONAL NAME
Personal name Lavin, Joaquin
9 (RLIN) 2573
Relator term autor
245 10 - TITLE STATEMENT
Title Chile revolución silenciosa /
Statement of responsibility, etc. Joaquin Lavin
250 ## - EDITION STATEMENT
Edition statement 6a ed.
260 ## - PUBLICATION, DISTRIBUTION, ETC.
Place of publication, distribution, etc. Santiago :
Name of publisher, distributor, etc. Zig Zag ;
Date of publication, distribution, etc. 1988
300 ## - PHYSICAL DESCRIPTION
Extent 155 p. :
Dimensions 18 cm.
505 0# - FORMATTED CONTENTS NOTE
Formatted contents note Las tendencias de la revolución silenciosa -- Integración con el mundo -- Made in Chile -- Nuevos polos de desarrollo -- El chileno informado -- La empresa eficiente -- El gobierno se acerca -- "Clientización" de la economía -- Los nuevos negocios del sector privado -- Profesionalización del combate a la pobreza
650 10 - SUBJECT ADDED ENTRY--TOPICAL TERM
Topical term or geographic name entry element Política económica
9 (RLIN) 732
650 20 - SUBJECT ADDED ENTRY--TOPICAL TERM
Topical term or geographic name entry element Política social
9 (RLIN) 2359
651 10 - SUBJECT ADDED ENTRY--GEOGRAPHIC NAME
9 (RLIN) 2574
Geographic name Chile
942 ## - ADDED ENTRY ELEMENTS (KOHA)
Koha item type Libros
Source of classification or shelving scheme Dewey Decimal Classification
Existencias
Fecha de la última vez que lo usaron Número de ingreso o de inventario Pago total Signatura topográfica completa Código de barras Precio efectivo desde Tipo de documento Estado perdido Sistema de clasificación Estado dañado No es para préstamo Retirado Ubicación permanente Ubicación actual Fecha de adquisición
15/05/2020 8799   335.00983/L31/1988 BibLima24080044 15/05/2020 Libros   Dewey Decimal Classification       Biblioteca Central Lima Biblioteca Central Lima 15/05/2020